000 01080nam a2200253 a 4500
001 55144
003 BD-RjUL
005 20211209080224.0
008 161114b1979 bg ||||e |||| 00| 0 ben d
020 _cTk.28.00 (V-1) :2nd. rev. ed.
035 _a(BD-RjUL)55266
040 _aBD-RjUL
_bben
_cBD-RjUL
_dBD-RjUL
041 _aben
082 _223
_a954.9204
_bUMP 1979
100 _aউমর, বদরুদ্দীন
_9121341
245 1 0 _aপূর্ব বাঙলার ভাষা আন্দোলন ও তৎকালীন রাজনীতি /
_cবদরুদ্দীন উমর
250 _a২য় পরিব. সং.
260 _aঢাকা:
_bসুবর্ণা,
_c১৯৭৯
300 _a খণ্ড ;
_c২১ সেমি.
505 _a খণ্ড ১ --
650 _aভাষা আন্দোলন
_xইতিহাস
_zবাংলাদেশ
_y১৯৪৭-১৯৫২ খ্রিষ্টাব্দ
_9248311
650 _aLanguage Movement
_xHistory
_zBangladesh
_y1947-1952 A. D
_9248312
942 _2ddc
_cBK
999 _c55144
_d55144